| 000 | 00688nam a2200265Ia 4500 | ||
|---|---|---|---|
| 001 | 40615 | ||
| 005 | 20240114003346.0 | ||
| 007 | ta | ||
| 008 | 071224s1907 g b000 u 491 u | ||
| 040 | _aCotton College Assam | ||
| 041 | _a491 | ||
| 082 |
_a891.13 _bB 469 K |
||
| 100 | _aGoswami, Bidhubhushan . | ||
| 245 | 0 |
_aKiratarjuniyam: Canto I / _cBidhubhushan Goswami. _hTextual Documents |
|
| 250 | _aist edn / | ||
| 260 |
_aCalcutta : _bKedarnath Bose , _c1907. |
||
| 300 |
_a225p, ; _c15cm.. |
||
| 653 | _aKiratarjuniyam | ||
| 653 | _aMs-Kiratarjuniyam | ||
| 653 | _aG-Sanskrit | ||
| 942 |
_2ddc _cBK |
||
| 999 |
_c40586 _d40586 |
||